[Event "Women's Speed Chess Q2"]
[Site "chess.com INT"]
[Date "2020.06.19"]
[Round "10"]
[White "Sihite, Chelsie Monica Ignesias"]
[Black "Bulmaga, Irina"]
[Result "1/2-1/2"]
[WhiteTitle "WIM"]
[BlackTitle "IM"]
[WhiteElo "2252"]
[BlackElo "2440"]
[WhiteFideId "7101198"]
[BlackFideId "13903063"]
[EventDate "2020.06.19"]

1. c4 Nf6 2. Nc3 e5 3. g3 Nc6 4. Bg2 Bc5 5. Nf3 d6 6. O-O h6 7. e3 Bg4 8. h3
Bxf3 9. Qxf3 O-O 10. g4 a5 11. d3 Rb8 12. Qg3 Bb6 13. h4 h5 14. g5 Ng4 15. Nd5
f5 16. gxf6 Nxf6 17. Nxb6 cxb6 18. f4 Ng4 19. Bd2 Ne7 20. e4 Nc6 21. f5 Nd4 22.
Kh1 b5 23. cxb5 Rc8 24. Bg5 Qd7 25. Bh3 Nf6 26. Rf2 Qxb5 27. Rg1 Rc7 28. Rfg2
Qd7 29. Qe3 Rf7 30. Rg3 d5 31. Bxf6 Rxf6 32. Rxg7+ Qxg7 33. Rxg7+ Rxg7 34. exd5
Nxf5 35. Qxe5 Ng3+ 36. Kh2 Rf2+ 37. Kg1 Ne4+ 38. Kh1 Ng3+ 39. Kg1 Ne4+ 40. Kh1
Ng3+ 41. Kg1 1/2-1/2

[Event "Women's Speed Chess Q2"]
[Site "chess.com INT"]
[Date "2020.06.19"]
[Round "10"]
[White "Linares Napoles, Oleiny"]
[Black "Shpanko, Nadiia"]
[Result "1-0"]
[WhiteTitle "WGM"]
[BlackTitle "WIM"]
[WhiteElo "2215"]
[BlackElo "2235"]
[WhiteFideId "3504794"]
[BlackFideId "14132400"]
[EventDate "2020.06.19"]

1. c4 Nf6 2. Nc3 c5 3. g3 d5 4. cxd5 Nxd5 5. Bg2 Nc7 6. Nf3 Nc6 7. O-O e5 8. d3
Be7 9. Nd2 O-O 10. Nc4 f6 11. a4 Nd4 12. e3 Nf5 13. Qe2 Nd6 14. Rd1 Rb8 15. a5
Be6 16. Bd2 Qc8 17. Be1 Rd8 18. Rac1 Bg4 19. f3 Bf5 20. g4 Be6 21. Nxd6 Bxd6 22.
Ne4 b6 23. axb6 axb6 24. Nxd6 Rxd6 25. b4 cxb4 26. Bxb4 Rd7 27. Qb2 Qd8 28. Bf1
Nd5 29. Bd2 b5 30. Rc6 Bf7 31. Rdc1 Ne7 32. R6c5 Qb6 33. d4 exd4 34. Rxb5 Qxb5
35. Bxb5 Rdb7 36. Qxd4 Rxb5 37. Qd6 Nd5 38. e4 R5b6 39. Qd7 Be6 40. Qa4 Ne7 41.
Bf4 R8b7 42. Qe8# 1-0

[Event "Women's Speed Chess Q2"]
[Site "chess.com INT"]
[Date "2020.06.19"]
[Round "10"]
[White "Osmanodja, Filiz"]
[Black "Mammadzada, Gunay"]
[Result "0-1"]
[WhiteTitle "WGM"]
[BlackTitle "IM"]
[WhiteElo "2293"]
[BlackElo "2443"]
[WhiteFideId "24633569"]
[BlackFideId "13403729"]
[EventDate "2020.06.19"]

1. e4 c5 2. Nc3 d6 3. Nf3 Nf6 4. d4 cxd4 5. Nxd4 a6 6. Be3 e5 7. Nf3 Qc7 8. a4
Be6 9. Be2 Be7 10. a5 Qc6 11. O-O Nxe4 12. Nxe4 Qxe4 13. Nd2 Qg6 14. Bd3 f5 15.
Nc4 Nc6 16. Nb6 Rd8 17. c4 O-O 18. f4 e4 19. Be2 Nb4 20. Ra3 d5 21. c5 d4 22.
Bh5 Qf6 23. Bf2 Bxc5 24. Rh3 g6 25. Bh4 Qg7 26. Bxd8 Rxd8 27. Be2 d3+ 28. Kh1
Nc6 29. Bf3 exf3 30. Qxf3 d2 31. Rd1 Qxb2 32. Qe2 Bb3 0-1

[Event "Women's Speed Chess Q2"]
[Site "chess.com INT"]
[Date "2020.06.19"]
[Round "10"]
[White "Kiran, Manisha Mohanty"]
[Black "Koridze, Lile"]
[Result "0-1"]
[WhiteTitle "WGM"]
[BlackTitle "WFM"]
[WhiteElo "2168"]
[BlackElo "1996"]
[WhiteFideId "5019575"]
[BlackFideId "13612514"]
[EventDate "2020.06.19"]

1. e4 c5 2. Nf3 d6 3. d4 cxd4 4. Nxd4 Nf6 5. Nc3 Nc6 6. Bc4 e6 7. Qe2 Be7 8. Be3
O-O 9. O-O-O a6 10. Bb3 Qc7 11. g4 b5 12. g5 Nd7 13. Nxc6 Qxc6 14. a3 Nc5 15.
Nd5 Nxb3+ 16. Kb1 exd5 17. exd5 Qc7 18. cxb3 Bf5+ 19. Ka2 Rfe8 20. Qf3 Qc2 21.
Rd4 Bg6 22. h4 Qf5 23. Rf4 Qc2 24. h5 Bd3 25. Rc1 Qe2 26. Qg3 Qxh5 27. Rh4 Qg6
28. Rch1 Rec8 29. Qh3 Be4 30. f3 Bf5 31. Qg3 Rc2 32. Bd4 Qxg5 33. Qe1 Bf6 34.
Rh5 Bxd4 35. Rxg5 Rxb2+ 36. Ka1 Rb1+ 37. Ka2 Rb2+ 38. Ka1 Rxb3+ 39. Ka2 Rb2+ 40.
Ka1 Rb1+ 41. Ka2 Rxe1 42. Rxe1 Bd3 43. Rg2 h6 44. Kb3 Rc8 45. Rd2 Bc4+ 46. Kc2
Be5 47. Rg2 Bf1+ 48. Kb3 Bxg2 0-1

[Event "Women's Speed Chess Q2"]
[Site "chess.com INT"]
[Date "2020.06.19"]
[Round "10"]
[White "Kubicka, Anna"]
[Black "Sukandar, Irine Kharisma"]
[Result "1-0"]
[WhiteTitle "WIM"]
[BlackTitle "IM"]
[WhiteElo "2256"]
[BlackElo "2413"]
[WhiteFideId "1152254"]
[BlackFideId "7101937"]
[EventDate "2020.06.19"]

1. e4 c5 2. Ne2 Nc6 3. d4 cxd4 4. Nxd4 g6 5. c4 Nf6 6. Nc3 d6 7. Be3 Ng4 8. Nxc6
bxc6 9. Bf4 Bg7 10. Be2 h5 11. O-O O-O 12. Rc1 Rb8 13. b3 Qa5 14. Qd2 Nf6 15.
Rfd1 Be6 16. Bh6 Bxh6 17. Qxh6 Bg4 18. f3 Qc5+ 19. Kh1 Be6 20. Bd3 Rfd8 21. Ne2
Ne8 22. Nf4 Ng7 23. Rf1 a5 24. Nxe6 Nxe6 25. f4 Qd4 26. f5 Qg7 27. Qe3 Nc5 28.
Bc2 g5 29. Qh3 Qh6 30. Rce1 f6 31. Qc3 Ra8 32. Rd1 Nd7 33. a3 Ne5 34. b4 axb4
35. axb4 g4 36. c5 dxc5 37. Bb3+ Kh8 38. Qxc5 Rxd1 39. Rxd1 g3 40. Qxe7 gxh2 41.
Rd8+ Rxd8 42. Qxd8+ Kh7 43. Qg8# 1-0

[Event "Women's Speed Chess Q2"]
[Site "chess.com INT"]
[Date "2020.06.19"]
[Round "10"]
[White "Morris-Suzuki, Sophie"]
[Black "Matveeva, Olga"]
[Result "1-0"]
[WhiteTitle "WFM"]
[BlackTitle "WIM"]
[WhiteElo "2043"]
[BlackElo "2171"]
[WhiteFideId "30922615"]
[BlackFideId "24107018"]
[EventDate "2020.06.19"]

1. e4 e6 2. d4 d5 3. Nc3 Nf6 4. e5 Nfd7 5. Nf3 c5 6. dxc5 Bxc5 7. Bd3 Nc6 8. Bf4
Nb4 9. O-O Nxd3 10. cxd3 O-O 11. d4 Be7 12. Qd2 b6 13. Ne2 Ba6 14. Rfe1 Bxe2 15.
Rxe2 Rc8 16. Ng5 Bxg5 17. Bxg5 Qc7 18. Qf4 Qc4 19. Qg4 Kh8 20. h4 b5 21. h5 b4
22. Re3 Qc2 23. Rg3 Qe4 24. Bf4 Rg8 25. Rd1 Rc2 26. h6 g6 27. Qg5 Rxb2 28. Rf3
Rxa2 29. Qe7 Qc2 30. Rc1 Qf5 31. Bg5 1-0

[Event "Women's Speed Chess Q2"]
[Site "chess.com INT"]
[Date "2020.06.19"]
[Round "10"]
[White "Tarasova, Viktoriya"]
[Black "Vittal, Sanjana"]
[Result "1-0"]
[WhiteTitle "WIM"]
[BlackTitle "WFM"]
[WhiteElo "2226"]
[BlackElo "1961"]
[WhiteFideId "4175840"]
[BlackFideId "2097486"]
[EventDate "2020.06.19"]

1. d4 d5 2. c4 e6 3. Nc3 Bb4 4. cxd5 exd5 5. Nf3 Nf6 6. Bg5 h6 7. Bh4 g5 8. Bg3
Ne4 9. Rc1 Nc6 10. e3 h5 11. Bb5 h4 12. Be5 f6 13. Qa4 Bxc3+ 14. bxc3 fxe5 15.
Bxc6+ bxc6 16. Qxc6+ Bd7 17. Qxd5 Nf6 18. Qxe5+ Qe7 19. Qxg5 Rg8 20. Qxh4 Rxg2
21. Ne5 O-O-O 22. Qf4 Rdg8 23. Qf3 c6 24. Nxc6 Rg1+ 25. Ke2 Qd6 26. Nxa7+ Kd8
27. Rhxg1 Rxg1 28. Rxg1 Qa6+ 29. Ke1 Bg4 30. Rxg4 Nxg4 31. Qxg4 Qxa7 32. Qg5+
Kc8 33. Qc5+ Qxc5 34. dxc5 Kc7 35. h4 Kc6 36. h5 Kxc5 37. h6 Kc4 38. h7 Kxc3 39.
h8=Q+ Kb4 40. Qc8 Ka3 41. f4 Kxa2 42. f5 1-0

[Event "Women's Speed Chess Q2"]
[Site "chess.com INT"]
[Date "2020.06.19"]
[Round "10"]
[White "Xu, Yuanyuan"]
[Black "Tsukerman, Julia"]
[Result "1-0"]
[WhiteTitle "WGM"]
[BlackTitle "WCM"]
[WhiteElo "2317"]
[BlackElo "1523"]
[WhiteFideId "8601089"]
[BlackFideId "2621649"]
[EventDate "2020.06.19"]

1. d4 Nf6 2. c4 e6 3. g3 d5 4. Nf3 Be7 5. Bg2 O-O 6. O-O dxc4 7. Qc2 a6 8. a4
Nbd7 9. Qxc4 b5 10. Qc6 Rb8 11. Bf4 Bb7 12. Qxc7 Qxc7 13. Bxc7 Rbc8 14. Bf4 Nd5
15. axb5 axb5 16. Ra7 Bc6 17. Ne5 Nxe5 18. Bxe5 Bf6 19. e4 Nb6 20. Bxf6 gxf6 21.
Rd1 Rfd8 22. Nc3 Nc4 23. d5 Be8 24. b3 Ne5 25. Ne2 Ra8 26. Rxa8 Rxa8 27. Nf4 Ra6
28. d6 Bd7 29. Nh5 Kf8 30. Nxf6 Kg7 31. Nh5+ Kf8 32. f4 Nc6 33. Nf6 Nb8 34.
Nxd7+ Nxd7 35. e5 Ra3 36. Rc1 f6 37. Rc8+ Kf7 38. Rc7 Ke8 39. Bc6 Ra1+ 40. Kf2
Ra2+ 41. Ke3 fxe5 42. Bxd7+ Kd8 43. Bxe6 exf4+ 44. gxf4 Rxh2 45. Rc8# 1-0

[Event "Women's Speed Chess Q2"]
[Site "chess.com INT"]
[Date "2020.06.19"]
[Round "10"]
[White "Shafigullina, Zarina"]
[Black "Sedina, Elena"]
[Result "1-0"]
[WhiteTitle "WFM"]
[BlackTitle "IM"]
[WhiteElo "2296"]
[BlackElo "2299"]
[WhiteFideId "24174220"]
[BlackFideId "812153"]
[EventDate "2020.06.19"]

1. d4 d5 2. Nf3 Nf6 3. g3 c6 4. c4 Bf5 5. Nc3 dxc4 6. a4 e6 7. Ne5 Bb4 8. Bg2
Ne4 9. Bd2 Qxd4 10. Nxe4 Bxe4 11. Bxb4 Qxd1+ 12. Rxd1 Bxg2 13. Rg1 Bd5 14. e4
Bxe4 15. Nxc4 Bd5 16. Nd6+ Kd7 17. Nxf7 Rg8 18. f4 Na6 19. Bc3 Nc5 20. a5 Kc7
21. Be5+ Kd7 22. Bd4 Ne4 23. Ke2 Ke7 24. Ne5 Rac8 25. Ke3 c5 26. Bc3 b5 27. axb6
axb6 28. Ra1 Ra8 29. g4 Nxc3 30. bxc3 g5 31. c4 gxf4+ 32. Kxf4 Rgf8+ 33. Ke3 Bb7
34. Rgd1 Rfd8 35. Rxd8 Kxd8 36. Rd1+ Ke8 37. Rd7 1-0

[Event "Women's Speed Chess Q2"]
[Site "chess.com INT"]
[Date "2020.06.19"]
[Round "10"]
[White "Tarleva, Vira"]
[Black "Rovira Contreras, Tairu Manuela"]
[Result "1-0"]
[WhiteTitle "WFM"]
[BlackTitle "WIM"]
[WhiteElo "2030"]
[BlackElo "2058"]
[WhiteFideId "14116693"]
[BlackFideId "3900533"]
[EventDate "2020.06.19"]

1. e4 e5 2. Nf3 Nc6 3. d4 exd4 4. Bc4 Nf6 5. e5 d5 6. Bb5 Ne4 7. Nxd4 Bd7 8.
Bxc6 bxc6 9. Be3 Be7 10. O-O O-O 11. f3 Nc5 12. Nc3 Rb8 13. b3 Ne6 14. Nf5 Bc5
15. Bxc5 Nxc5 16. Nd4 Qh4 17. Nce2 Rfe8 18. g3 Qh6 19. f4 Ne4 20. Nf3 Bh3 21.
Re1 Bg4 22. Qd3 Rbd8 23. Nc3 Nc5 24. Qe3 Ne6 25. Ne2 c5 26. c3 Qh5 27. Rf1 c6
28. Rad1 Bf5 29. Nh4 Be4 30. f5 Ng5 31. Nf4 Nf3+ 32. Nxf3 Bxf3 33. Nxh5 Bxh5 34.
Rde1 d4 35. cxd4 cxd4 36. Qd3 1-0

[Event "Women's Speed Chess Q2"]
[Site "chess.com INT"]
[Date "2020.06.19"]
[Round "10"]
[White "Lahav, Michal"]
[Black "Chitlange, Sakshi"]
[Result "0-1"]
[WhiteTitle "WIM"]
[BlackTitle "WIM"]
[WhiteElo "2219"]
[BlackElo "2167"]
[WhiteFideId "2813742"]
[BlackFideId "35002899"]
[EventDate "2020.06.19"]

1. e4 c6 2. d4 d5 3. e5 c5 4. dxc5 e6 5. Be3 Nd7 6. Bb5 Qc7 7. Nf3 Bxc5 8. Bxc5
Qxc5 9. Nc3 Ne7 10. O-O O-O 11. Re1 Ng6 12. h4 Qc7 13. Qe2 a6 14. Bd3 Nf4 15.
Qe3 Nxd3 16. Qxd3 Nc5 17. Qd4 Bd7 18. Re3 b5 19. Ng5 h6 20. Nh3 Rac8 21. Rg3 a5
22. Re1 Kh8 23. Qf4 b4 24. Ree3 Rg8 25. Ng5 Be8 26. Ne2 Qe7 27. Nh3 Ne4 28. Rxe4
dxe4 29. Qxe4 Bc6 30. Qg4 Bd5 31. Nhf4 Rxc2 32. Nxd5 exd5 33. Nf4 Rc1+ 34. Kh2
Qxe5 0-1

[Event "Women's Speed Chess Q2"]
[Site "chess.com INT"]
[Date "2020.06.19"]
[Round "10"]
[White "De Seroux, Camille"]
[Black "Demchenko, Svitlana"]
[Result "1-0"]
[WhiteTitle "WIM"]
[BlackTitle "WIM"]
[WhiteElo "2137"]
[BlackElo "2071"]
[WhiteFideId "1305620"]
[BlackFideId "14149893"]
[EventDate "2020.06.19"]

1. e4 d5 2. exd5 Nf6 3. d4 Bg4 4. Nf3 Qxd5 5. Be2 e6 6. O-O Nc6 7. h3 Bh5 8. c4
Qd7 9. Be3 O-O-O 10. Nc3 Bxf3 11. Bxf3 Nxd4 12. Bxd4 Qxd4 13. Qa4 Qb6 14. Rfd1
Bc5 15. Qc2 Bd4 16. Na4 Qa5 17. b4 Qa6 18. Rab1 e5 19. Nc5 Bxc5 20. bxc5 c6 21.
Qf5+ Nd7 22. Bg4 Qxa2 23. Rxd7 Qxb1+ 24. Qxb1 Rxd7 25. Bxd7+ Kxd7 26. Qf5+ Ke7
27. Qxe5+ Kd7 28. Qxg7 Re8 29. Qxf7+ Re7 30. Qf5+ Kc7 31. Qf4+ Kc8 32. Qd6 Rd7
33. Qe6 a5 34. Qe3 1-0

[Event "Women's Speed Chess Q2"]
[Site "chess.com INT"]
[Date "2020.06.19"]
[Round "10"]
[White "Foisor, Sabina-Francesca"]
[Black "Kovacs, Klara"]
[Result "1-0"]
[WhiteTitle "WGM"]
[BlackTitle "WIM"]
[WhiteElo "2228"]
[BlackElo "2154"]
[WhiteFideId "1212915"]
[BlackFideId "733210"]
[EventDate "2020.06.19"]

1. d4 Nf6 2. c4 e6 3. Nf3 d5 4. Bg5 Be7 5. Nc3 h6 6. Bh4 O-O 7. e3 Ne4 8. Bxe7
Qxe7 9. Qc2 Nxc3 10. Qxc3 dxc4 11. Bxc4 b6 12. O-O Bb7 13. Rad1 Nd7 14. Rfe1 c5
15. e4 cxd4 16. Qxd4 Rfd8 17. Qe3 e5 18. a3 Rac8 19. Ba2 Nf6 20. Bb1 Ng4 21. Qe2
Qc5 22. h3 Nf6 23. Nh4 Rd4 24. Nf5 Rc4 25. Qf3 Rf8 26. Nxh6+ gxh6 27. Qxf6 Qc7
28. Qxh6 Rc6 29. Qh5 Rg6 30. Ba2 Kg7 31. Rc1 Qe7 32. Rc3 Rh8 33. Qe2 Bc8 34. Rg3
Rh6 35. Rc1 Bxh3 36. gxh3 Qh4 37. Rc7 Qxh3 38. Rxf7+ Kh8 39. Qf3 Rxg3+ 40. fxg3
Qh2+ 41. Kf1 1-0

[Event "Women's Speed Chess Q2"]
[Site "chess.com INT"]
[Date "2020.06.19"]
[Round "10"]
[White "Tsotsonava, Elene"]
[Black "Mudodo, Refiloe Hazel"]
[Result "1-0"]
[WhiteTitle "WFM"]
[BlackTitle "WCM"]
[WhiteElo "2012"]
[BlackElo "1543"]
[WhiteFideId "13615939"]
[BlackFideId "11000821"]
[EventDate "2020.06.19"]

1. e4 e6 2. d4 d5 3. Nd2 dxe4 4. Nxe4 Bd7 5. Bd3 Bc6 6. Nf3 Nd7 7. Bg5 Ngf6 8.
Nxf6+ Nxf6 9. Qe2 Be7 10. Ne5 Bxg2 11. Rg1 Bd5 12. c4 Bc6 13. Nxc6 bxc6 14.
O-O-O O-O 15. h4 Qd7 16. h5 Rab8 17. Bh6 g6 18. hxg6 fxg6 19. Bxf8 Rxf8 20. Qc2
Rb8 21. Bxg6 hxg6 22. Qxg6+ Kf8 23. Qg7+ Ke8 24. Qh8+ Bf8 25. Qxf6 Qe7 26. Qf3
Kd7 27. d5 exd5 28. cxd5 Kc8 29. Qh3+ 1-0

[Event "Women's Speed Chess Q2"]
[Site "chess.com INT"]
[Date "2020.06.19"]
[Round "10"]
[White "Balabayeva, Xeniya"]
[Black "Petrova, Irina"]
[Result "1/2-1/2"]
[WhiteTitle "WFM"]
[BlackTitle "WIM"]
[WhiteElo "2146"]
[BlackElo "2087"]
[WhiteFideId "13719688"]
[BlackFideId "14124122"]
[EventDate "2020.06.19"]

1. e4 d6 2. d4 Nf6 3. Nc3 e5 4. Be3 Nc6 5. h3 exd4 6. Bxd4 Nxd4 7. Qxd4 Be7 8.
Nf3 O-O 9. Bc4 Nd7 10. O-O Bf6 11. Qe3 Ne5 12. Nxe5 Bxe5 13. f4 Bf6 14. Rad1 Bd7
15. Rfe1 Re8 16. Qf3 Bc6 17. Bd5 Bxc3 18. Qxc3 Bxd5 19. Rxd5 Qd7 20. Qf3 Qc6 21.
c3 Qxd5 22. exd5 Rxe1+ 23. Kh2 Rae8 24. Qg4 b6 25. f5 f6 26. Qc4 R8e7 27. Qc6
R1e2 28. Qa8+ Kf7 29. Qxa7 Rxb2 30. Qa4 g6 31. fxg6+ hxg6 32. Qc4 Kg7 33. a4 g5
34. h4 Kg6 35. hxg5 Kxg5 36. Qd3 Ree2 37. Kh3 Rxg2 38. Qe3+ Kg6 39. Qe8+ Kh6 40.
Qh8+ Kg5 41. Qh4+ Kg6 42. Qe4+ Kg7 43. Qe7+ Kg6 44. Qe4+ Kg5 45. Qe3+ Kg6 46.
Qe4+ 1/2-1/2

[Event "Women's Speed Chess Q2"]
[Site "chess.com INT"]
[Date "2020.06.19"]
[Round "10"]
[White "Shuqja, Klean"]
[Black "Antova, Gabriela"]
[Result "0-1"]
[WhiteTitle "WCM"]
[BlackTitle "FM"]
[WhiteElo "1838"]
[BlackElo "2255"]
[WhiteFideId "4701585"]
[BlackFideId "2915235"]
[EventDate "2020.06.19"]

1. b3 d5 2. Bb2 Nf6 3. e3 c5 4. f4 g6 5. Nf3 Bg7 6. Ne5 O-O 7. Be2 Re8 8. O-O
Nfd7 9. d3 Qc7 10. d4 Nc6 11. Nd2 Ndxe5 12. fxe5 b6 13. Bf3 Be6 14. c4 Rad8 15.
cxd5 Bxd5 16. e4 Be6 17. d5 Bh6 18. Bc1 Qxe5 19. Rb1 Qd4+ 20. Kh1 Bc8 21. dxc6
Bxd2 22. Bxd2 Qxd2 23. Qxd2 Rxd2 24. Rfd1 Red8 25. Kg1 Rxd1+ 26. Bxd1 Rd6 27.
Bf3 Rxc6 28. Rd1 Kg7 29. e5 Re6 30. Rd8 Ba6 31. Ra8 Rxe5 32. Rxa7 Bd3 33. Rd7
Bf5 34. Rb7 Re6 35. Kf2 Kf6 36. a4 Rd6 37. Ra7 e5 38. a5 bxa5 39. Rxa5 e4 40.
Be2 Rc6 0-1

[Event "Women's Speed Chess Q2"]
[Site "chess.com INT"]
[Date "2020.06.19"]
[Round "10"]
[White "Divya, Deshmukh"]
[Black "Zhukova, Natalia"]
[Result "0-1"]
[WhiteTitle "WIM"]
[BlackTitle "GM"]
[WhiteElo "2305"]
[BlackElo "2328"]
[WhiteFideId "35006916"]
[BlackFideId "14101513"]
[EventDate "2020.06.19"]

1. e4 e5 2. Nc3 Nf6 3. Bc4 c6 4. d4 b5 5. dxe5 bxc4 6. exf6 Qxf6 7. Nf3 Bc5 8.
O-O O-O 9. e5 Qg6 10. Qe2 d5 11. exd6 Bxd6 12. Qxc4 Ba6 13. Qa4 Bxf1 14. Kxf1
Nd7 15. Qxc6 Nc5 16. Be3 Rac8 17. Qd5 Rfd8 18. Rd1 Be7 19. Qe5 Rxd1+ 20. Nxd1
Qxc2 21. Nc3 Bf6 22. Qd5 Nd3 23. g3 Nxb2 24. Ne4 Qd1+ 25. Qxd1 Nxd1 26. Nxf6+
gxf6 27. Bd4 a5 28. Ke2 Nc3+ 29. Kd3 Nxa2 30. Bxf6 Nb4+ 31. Ke4 h6 32. Be7 Re8
33. Kd4 Rxe7 0-1

[Event "Women's Speed Chess Q2"]
[Site "chess.com INT"]
[Date "2020.06.19"]
[Round "10"]
[White "Hryzlova, Sofiia"]
[Black "Anu, Bayar"]
[Result "0-1"]
[BlackTitle "WFM"]
[WhiteElo "1940"]
[BlackElo "2102"]
[WhiteFideId "14174669"]
[BlackFideId "4901339"]
[EventDate "2020.06.19"]

1. c4 c5 2. Nf3 Nc6 3. Nc3 g6 4. g3 Bg7 5. Bg2 e6 6. O-O Nge7 7. b3 O-O 8. Bb2
d6 9. e3 b6 10. d4 Bd7 11. d5 exd5 12. cxd5 Ne5 13. Nd2 Nd3 14. Qc2 Nxb2 15.
Qxb2 b5 16. Qc2 b4 17. Ne2 Bxa1 18. Rxa1 a5 19. Nc4 Bb5 20. a4 bxa3 21. Nxa3 Qb6
22. Nc3 Bd7 23. Nc4 Qc7 24. Ne4 Nxd5 25. Qd2 Bc6 26. Nexd6 Nb4 27. Ne4 Qe7 28.
Nc3 Bxg2 29. Kxg2 Rfd8 30. Qe2 Rd3 31. Nb5 Rad8 32. Nxa5 Qe4+ 33. Qf3 Qxf3+ 34.
Kxf3 Rd2 35. Nc4 Rc2 36. Nbd6 f5 37. Ra5 Nd3 38. Ra7 Rxf2# 0-1

[Event "Women's Speed Chess Q2"]
[Site "chess.com INT"]
[Date "2020.06.19"]
[Round "10"]
[White "Putri, Regita Desyari"]
[Black "Sudakova, Irina"]
[Result "0-1"]
[WhiteTitle "WFM"]
[BlackTitle "WGM"]
[WhiteElo "1897"]
[BlackElo "2288"]
[WhiteFideId "7109083"]
[BlackFideId "4129903"]
[EventDate "2020.06.19"]

1. d4 d5 2. c4 e6 3. Nf3 c6 4. Nc3 dxc4 5. a4 Bb4 6. Ne5 b5 7. e3 Nf6 8. axb5
cxb5 9. Bd2 Bxc3 10. Bxc3 O-O 11. Qf3 Qd5 12. Qh3 Bb7 13. f3 Nc6 14. e4 Qd8 15.
Nxc6 Bxc6 16. Be2 Qb6 17. d5 exd5 18. Bxf6 gxf6 19. Qg3+ Kh8 20. Qf4 Bb7 21.
exd5 Bxd5 22. Rd1 Rad8 23. Kf1 Rfe8 24. h4 Re6 25. h5 Rde8 26. Rd2 b4 27. h6 c3
28. Qg3 Rg8 29. Qxg8+ Kxg8 30. Rxd5 c2 0-1

[Event "Women's Speed Chess Q2"]
[Site "chess.com INT"]
[Date "2020.06.19"]
[Round "10"]
[White "Nikulina, Alena"]
[Black "Lee, Dariya"]
[Result "1-0"]
[WhiteTitle "WFM"]
[BlackTitle "WCM"]
[WhiteElo "1887"]
[BlackElo "1523"]
[WhiteFideId "4172051"]
[BlackFideId "13801651"]
[EventDate "2020.06.19"]

1. e4 e5 2. Nf3 Nc6 3. Bc4 Bc5 4. c3 Nf6 5. d4 exd4 6. e5 d5 7. Bb5 Nd7 8. cxd4
Bb4+ 9. Nc3 Bxc3+ 10. bxc3 O-O 11. O-O a6 12. Bd3 b5 13. Bxh7+ Kh8 14. Ng5 g6
15. e6 fxe6 16. Nxe6 Qf6 17. Nxf8 Nxf8 18. Bxg6 Qxg6 19. Qf3 Be6 20. Re1 Nd7 21.
Ba3 a5 22. Re3 b4 23. Rae1 Bg4 24. Qxd5 Nb6 25. Qc5 bxa3 26. Rg3 Rg8 27. d5 Ne5
28. Qd4 Rg7 29. h3 1-0

[Event "Women's Speed Chess Q2"]
[Site "chess.com INT"]
[Date "2020.06.19"]
[Round "10"]
[White "Maltsevskaya, Aleksandra"]
[Black "Goryachkina, Aleksandra"]
[Result "1/2-1/2"]
[WhiteTitle "WGM"]
[BlackTitle "GM"]
[WhiteElo "2272"]
[BlackElo "2582"]
[WhiteFideId "24174041"]
[BlackFideId "4147103"]
[EventDate "2020.06.19"]

1. e4 e6 2. d3 d5 3. Nd2 Nf6 4. Ngf3 Nc6 5. g3 Bd6 6. Bg2 O-O 7. O-O Re8 8. c3
b6 9. d4 dxe4 10. Ng5 Bb7 11. Ndxe4 Nxe4 12. Bxe4 h6 13. Qh5 Qd7 14. Bh7+ Kf8
15. Ne4 f5 16. Nxd6 cxd6 17. Bg6 Rec8 18. Re1 Ne7 19. Bxh6 Nxg6 20. Qxg6 Bd5 21.
Bf4 Rd8 22. h4 Qf7 23. Qxf7+ Kxf7 24. f3 Bxf3 25. Kf2 Bd5 26. b3 b5 27. a4 a6
28. axb5 axb5 29. Rxa8 Rxa8 30. Bxd6 Bxb3 31. Re2 Bc4 32. Rd2 Ra2 33. Rxa2 Bxa2
34. Be5 1/2-1/2

[Event "Women's Speed Chess Q2"]
[Site "chess.com INT"]
[Date "2020.06.19"]
[Round "10"]
[White "Zhuravleva, Olga"]
[Black "Mammadova, Gulnar"]
[Result "0-1"]
[WhiteTitle "WIM"]
[BlackTitle "IM"]
[WhiteElo "2278"]
[BlackElo "2382"]
[WhiteFideId "4145933"]
[BlackFideId "13403508"]
[EventDate "2020.06.19"]

1. e4 e6 2. d4 d5 3. Nd2 a6 4. c3 c5 5. exd5 exd5 6. Ngf3 Nc6 7. dxc5 Bxc5 8.
Bd3 Nf6 9. O-O O-O 10. Nb3 Bb6 11. Bg5 Bg4 12. Be2 Be6 13. Nbd4 Nxd4 14. Nxd4 h6
15. Bh4 g5 16. Bg3 Ne4 17. Bd3 Bxd4 18. cxd4 Qb6 19. Qh5 Bf5 20. Bxe4 dxe4 21.
Be5 Kh7 22. f3 f6 23. fxe4 Bg6 24. Qg4 fxe5 25. Qd7+ Kh8 26. Qe7 Qxd4+ 27. Kh1
Qd8 28. Qxe5+ Kh7 29. h3 Rxf1+ 30. Rxf1 Rc8 31. Qe6 Rc7 32. Rf6 Rc1+ 33. Kh2
Qc7+ 34. e5 Rc6 35. Rxg6 Rxe6 36. Rxe6 Kg7 37. Kg3 Qc2 38. Re7+ Kf8 39. Rxb7
Qd3+ 40. Kh2 Qd4 41. Rb3 Qxe5+ 42. Kg1 Qe1+ 43. Kh2 Ke7 44. Ra3 Qe2 45. Rb3 a5
46. Kg1 Kd6 47. Kh2 a4 48. Rb6+ Kc5 49. Rxh6 Qxb2 50. Rh4 gxh4 0-1

[Event "Women's Speed Chess Q2"]
[Site "chess.com INT"]
[Date "2020.06.19"]
[Round "10"]
[White "Huda, Maryana"]
[Black "Daulyte-Cornette, Deimante"]
[Result "0-1"]
[WhiteTitle "WGM"]
[BlackTitle "IM"]
[WhiteElo "2128"]
[BlackElo "2400"]
[WhiteFideId "14116553"]
[BlackFideId "12802859"]
[EventDate "2020.06.19"]

1. e4 Nf6 2. Nc3 d5 3. exd5 Nxd5 4. Bc4 c6 5. Qf3 Be6 6. Nge2 g6 7. Nd4 Qd7 8.
Nxe6 Qxe6+ 9. Qe4 Qxe4+ 10. Nxe4 Bg7 11. c3 Nd7 12. d4 O-O 13. f4 b5 14. Bb3 b4
15. Bd2 bxc3 16. bxc3 N5f6 17. Nxf6+ Nxf6 18. Bc2 c5 19. dxc5 Rac8 20. Rb1 Rxc5
21. Rb7 e5 22. O-O e4 23. Bb3 a5 24. Ra7 Nd5 25. Re1 Bxc3 26. Bxc3 Nxc3 27. g4
a4 28. Bxa4 Nxa4 29. Rxa4 f5 30. g5 Rf7 31. Ra8+ Rf8 32. Ra7 Rd8 33. Rb1 Rc2 34.
h4 e3 35. Kf1 Rf2+ 36. Ke1 Rh2 37. Rbb7 Rxh4 38. Rg7+ Kh8 39. Rge7 Rh3 0-1

[Event "Women's Speed Chess Q2"]
[Site "chess.com INT"]
[Date "2020.06.19"]
[Round "10"]
[White "Mikheeva, Galina"]
[Black "Fernandez, Maria Florencia"]
[Result "1-0"]
[WhiteTitle "WFM"]
[BlackTitle "WIM"]
[WhiteElo "1901"]
[BlackElo "2229"]
[WhiteFideId "44108320"]
[BlackFideId "116459"]
[EventDate "2020.06.19"]

1. e4 d6 2. d4 Nf6 3. Nc3 g6 4. f4 Bg7 5. Nf3 O-O 6. Bd3 Nc6 7. O-O e5 8. fxe5
dxe5 9. d5 Ne7 10. Nxe5 c6 11. Bc4 cxd5 12. exd5 Nfxd5 13. Nxf7 Qb6+ 14. Kh1
Rxf7 15. Bxd5 Nxd5 16. Qxd5 Be6 17. Qd3 Rd8 18. Qe2 Rxf1+ 19. Qxf1 Rf8 20. Qd3
Bf5 21. Qd5+ Be6 22. Qd3 Qc6 23. Be3 Bc4 24. Qd2 b5 25. Rd1 b4 26. Nd5 Bxb2 27.
Ne7+ Kf7 28. Nxc6 Be6 29. Nd4 Bc3 30. Qf2+ Ke7 31. Qe2 Kf7 32. Qf2+ Ke7 33. Nc6+
Ke8 34. Rd8# 1-0